Регионална библиотека "Любен Каравелов" - Русе

Увод в архивознанието (Запис номер 22730)

MARC детайли
000 -Лидер
Контролно поле с фиксирана дължина 01342nam a2200325 c 4500
003 - Код на организацията, давaща контролен номер
Контролно поле BLK
005 - Дата и час на последна редакция
Контролно поле 20230410151206.0
008 - Елементи от данни с фиксирана дължина
fixed length control field 180413b bul|||||r ||||||| ||bul||
010 ## - Наследен системен номер
LC control number KNG00025137000
020 ## - Международен стандартен номер на книга ISBN
Международен стандартен номер на книга ISBN 954-524-193-4
-- издат.: Унив. изд. Св. св. Кирил и Методий
040 ## - Източник на каталожния запис
Идентификатор на билиотеката - собственик на записа BLK
041 ## - Код за език
Код за езика на текст/звукозапис или на отделно заглавие Български
Код за езика КДБФ Български
080 ## - УДК
Текстов определител УДК Архивистика. Архиви
УДК код - определител по УДК 930.25
УДК определител (075.8)
УДК - код + определител 930.25(075.8)
100 1# - Редна дума - Автор
Автор Петкова, Стефка Христова
Дати, свързани с автора 1935 -
Автор - информация (биография) историк, архивист
R(LIN) 266621
139 ## - Редно поле
Редна дума Петкова, Стефка Христова
Авторски знак Петко - П 44
245 10 - Сведения за заглавието
Заглавие Увод в архивознанието
Подзаглавни данни Учебник за ВУЗ
Редно поле (дума) Стефка Христова Петкова.
250 ## - Област на изданието
Сведения за изданието 3. изд
257 ## - Страна на издаване
Страна на създаване/издаване България
260 ## - Област на издателските данни
-- В. Търново
Име на издателя, разпространителя и проч. Унив. изд. Св. св. Кирил и Методий
Година на издаване 1998
300 ## - Физическа характеристика
Страници 236 с.
Илюстрации и др. с факс., диагр.
Размери/Мащаб 22 см
380 ## - Жанр
Жанр История
500 ## - Общи забележки
Забележка Деп. списък: 47 1. изд. 1986 ; 500 тир Място на печат: В. Търново Име на печатница: Абагар ЕООД
650 #4 - Допълнително описание по предмет – тема
Основно описание – тема или топоним Архивистика
9 (RLIN) 147566
653 ## - Ключова дума – ненормативна
Ключова дума архивистика
852 ## - Местоположение
Форматна сигнатура Цб 197991
856 4# - Електронен адрес и достъп
Електронен формат pdf - файл
Път до файла /url/
856 4# - Електронен адрес и достъп
Електронен формат pdf - файл
Път до файла /url/
942 ## - АРТИКУЛИ
Вид на библиотечния материал Книги
Скрит в OPAC Не
Koha issues (borrowed), all copies 3
944 ## - СЪЗДАВАНЕ И РЕДАКЦИЯ на ЗАПИСА
Създаване/Редакция Създаване
Дата на регистрацията/редакция 15.01.2003
Служител, извършил регистрацията/редакцията Кети_Илиева
944 ## - СЪЗДАВАНЕ И РЕДАКЦИЯ на ЗАПИСА
Създаване/Редакция Редакция
Дата на регистрацията/редакция 03.05.2006
Служител, извършил регистрацията/редакцията
999 ## - СИСТЕМНИ КОНТРОЛНИ НОМЕРА
Koha biblionumber 22730
Koha biblioitemnumber 22730
Наличности
Код за отписване Код за изгубен артикул Източник на класификационната схема Код за повреда Коз за рестрикции Код за отдаване Артикулен № Име на библиотеката - собственик Име на библиотеката, в която се намира в момента Статус (Текущо местоположение) Дата на вписване в системата Местоположение - отдел Цена в лева Инвентарен номер Систематично азбучна сигнатура Баркод Номер на екземпляра Цена в евро Служебен тип на артикула Служебна бележка
  Не е изгубен Universal Decimal Classification Не е повреден без рестрикции ползва се в читалня 37497 Регионална библиотека "Любен Каравелов" Русе Регионална библиотека "Любен Каравелов" Русе Хранилище 2001-01-01 Хранилище 0.00 645147 Цб 197991 120000645147 1 0.00 Книги  
  Не е изгубен Universal Decimal Classification Не е повреден без рестрикции ползва се в читалня 37498 Регионална библиотека "Любен Каравелов" Русе Регионална библиотека "Любен Каравелов" Русе Читалня 2001-01-01 Читалня 5.00 643110 Ч 930/П 44 120000643110 2 2.56 Книги Дата инв: 28.03.2017 Бележки инв: Ч2017
Vip Innovations Ltd, Rousse, Bulgaria 2025